[Event "39th POL-ch (w)"]
[Site "Wroclaw POL"]
[Date "1987.??.??"]
[Round "11"]
[White "Swiecik, Iwona"]
[Black "Zboron, Hanna"]
[Result "1-0"]
[WhiteElo "2140"]
[BlackElo "2070"]
[EventDate "1987.03.20"]
[PlyCount "77"]

1.e4 c5 2.Nf3 d6 3.d4 cxd4 4.Nxd4 Nf6 5.Nc3 Nc6 6.Be2 e5 7.Nf3 h6 8.O-O 
Be7 9.Re1 O-O 10.h3 a6 11.Bf1 b5 12.a4 b4 13.Nd5 Bb7 14.Be3 Nxd5 15.exd5 
Nb8 16.a5 Nd7 17.Bc4 Qc7 18.b3 f5 19.Bd2 Qc5 20.Ra4 Bf6 21.Bxb4 Qc7 22.Bf1
e4 23.Nd4 Bxd4 24.Qxd4 Qxc2 25.Bxd6 Rfe8 26.Rb4 Bc8 27.Bc4 Kh8 28.Bf4 e3 
29.Rxe3 Rxe3 30.Bxe3 Kh7 31.d6 Nf6 32.Bd5 Ra7 33.Qxa7 Nxd5 34.Rc4 Qd1+ 35.
Kh2 Nxe3 36.Qxe3 Qxd6+ 37.Qf4 Qe6 38.Rc7 Bd7 39.Qd4 1-0

[Event "39th POL-ch (w)"]
[Site "Wroclaw POL"]
[Date "1987.??.??"]
[Round "12"]
[White "Zboron, Hanna"]
[Black "Rzeczycka, Bozena"]
[Result "0-1"]
[WhiteElo "2070"]
[BlackElo "2180"]
[EventDate "1987.03.20"]
[PlyCount "138"]

1.d4 d5 2.c4 dxc4 3.Nf3 Nf6 4.g3 c5 5.Bg2 Nc6 6.O-O cxd4 7.Qa4 Bd7 8.Qxc4 
e5 9.Ng5 Qe7 10.b3 Na5 11.Qc7 Qc5 12.Qxc5 Bxc5 13.Bd2 Nc6 14.Rc1 Bd6 15.a4
h6 16.Ne4 Nxe4 17.Bxe4 Rc8 18.Na3 O-O 19.Nc4 Bb8 20.b4 Be6 21.b5 Ne7 22.
Na5 b6 23.Nc6 Nxc6 24.Bxc6 Bd6 25.a5 Bc5 26.axb6 axb6 27.Ra7 Rfd8 28.Rca1 
f5 29.Rb7 Rb8 30.Rc7 Bd6 31.Rca7 Rf8 32.f3 Rf7 33.Rxf7 Kxf7 34.Ra7+ Kf6 
35.Kf1 Bc5 36.Bc1 Bc4 37.Bb2 Rd8 38.f4 e4 39.Ke1 Bb4+ 40.Kd1 Bb3+ 41.Kc1 
Kg6 42.Rb7 Ba5 43.h3 h5 44.g4 hxg4 45.hxg4 d3 46.Rxg7+ Kh6 47.exd3 exd3 
48.g5+ Kh5 49.Bf3+ Kh4 50.Bf6 d2+ 51.Kb2 Rd3 52.g6+ Kg3 53.Be2 d1=Q 54.
Bxd1 Bxd1 55.Rc7 Bb3 56.g7 Kxf4 57.Rc8 Rg3 58.Re8 Kg4 59.g8=Q+ Bxg8 60.
Rxg8+ Kf3 61.Rf8 Bb4 62.Rf7 Ke4 63.Bd8 Bc5 64.Bc7 Bd4+ 65.Kc2 Rc3+ 66.Kd2 
Rb3 67.Re7+ Kf3 68.Rf7 Be3+ 69.Kc2 Rxb5 0-1

[Event "39th POL-ch (w)"]
[Site "Wroclaw POL"]
[Date "1987.??.??"]
[Round "12"]
[White "Sikora-Gizynska, Bozena"]
[Black "Laszewska, Izabela"]
[Result "1-0"]
[WhiteElo "2155"]
[BlackElo "2150"]
[EventDate "1987.03.20"]
[PlyCount "80"]

1.e4 e6 2.d4 d5 3.Nd2 Nf6 4.e5 Nfd7 5.f4 c5 6.c3 Nc6 7.Ndf3 Qb6 8.g3 cxd4 
9.cxd4 Bb4+ 10.Kf2 g5 11.h3 f6 12.Be3 O-O 13.Ne2 Rf7 14.Rg1 Kh8 15.Rc1 
gxf4 16.gxf4 fxe5 17.fxe5 Bf8 18.Qd2 a5 19.Rg4 Qb4 20.Rf4 Qxd2 21.Nxd2 Kg8
22.h4 a4 23.Bh3 Nb6 24.a3 Bd7 25.Rxf7 Kxf7 26.Bg4 Bg7 27.Nf4 Rc8 28.Nd3 
Bf8 29.Bh5+ Kg8 30.Ke2 Na5 31.Rg1+ Kh8 32.Bg5 Bg7 33.Nc5 Be8 34.Bg4 Rc6 
35.Nxe6 Nbc4 36.Nxg7 Kxg7 37.Nxc4 Nxc4 38.Bc1 Kf8 39.Bf5 h6 40.Kd3 Rb6 1-0

[Event "39th POL-ch (w)"]
[Site "Wroclaw POL"]
[Date "1987.??.??"]
[Round "12"]
[White "Kaczmarek, Ewa"]
[Black "Leszner, Liliana"]
[Result "1/2-1/2"]
[WhiteElo "2140"]
[BlackElo "2190"]
[EventDate "1987.03.20"]
[PlyCount "31"]

1.e4 d6 2.d4 Nf6 3.Bd3 e5 4.c3 g6 5.Nf3 Nc6 6.Nbd2 Bg7 7.O-O O-O 8.h3 Nh5 
9.Nb3 a5 10.a4 exd4 11.Nbxd4 Ne5 12.Nxe5 dxe5 13.Nf3 h6 14.Bc4 Qf6 15.Qe2 
Be6 16.Be3 1/2-1/2

[Event "39th POL-ch (w)"]
[Site "Wroclaw POL"]
[Date "1987.??.??"]
[Round "12"]
[White "Kaczorowska, Barbara"]
[Black "Sosnowska, Elzbieta"]
[Result "1/2-1/2"]
[WhiteElo "2170"]
[BlackElo "2065"]
[EventDate "1987.03.20"]
[PlyCount "52"]

1.d4 Nf6 2.c4 e6 3.g3 d5 4.Bg2 c6 5.Nf3 Nbd7 6.Nbd2 Bd6 7.O-O O-O 8.Qc2 h6
9.b3 e5 10.dxe5 Nxe5 11.Bb2 Re8 12.Rfd1 Qe7 13.cxd5 cxd5 14.Nd4 Bd7 15.Nf5
Bxf5 16.Qxf5 g6 17.Qh3 Kh7 18.Nf3 Nxf3+ 19.Bxf3 Be5 20.Bxe5 Qxe5 21.Qh4 
Ne4 22.Bxe4 dxe4 23.e3 Rac8 24.Rac1 Qf5 25.Qf4 Qxf4 26.gxf4 Rxc1 1/2-1/2

[Event "39th POL-ch (w)"]
[Site "Wroclaw POL"]
[Date "1987.??.??"]
[Round "12"]
[White "Jagodzinska, Joanna"]
[Black "Strzalka, Joanna"]
[Result "1-0"]
[WhiteElo "2200"]
[BlackElo "2170"]
[EventDate "1987.03.20"]
[PlyCount "69"]

1.e4 e5 2.Nf3 Nc6 3.Bb5 Bc5 4.c3 f5 5.d4 fxe4 6.Bxc6 dxc6 7.Nfd2 Bd6 8.
dxe5 e3 9.fxe3 Bc5 10.Qh5+ g6 11.Qf3 Bf5 12.e4 Be6 13.Nb3 Bb6 14.Bf4 Nh6 
15.h3 g5 16.Be3 g4 17.Qf4 Bxe3 18.Qxe3 Qh4+ 19.g3 Qh5 20.h4 Nf7 21.Nd4 
Qxe5 22.Nd2 Nd6 23.Qf4 Qxf4 24.gxf4 Ke7 25.O-O Raf8 26.Kh2 Bc4 27.Rf2 Rhg8
28.Kg3 c5 29.e5 Ne8 30.Nxc4 cxd4 31.f5 dxc3 32.bxc3 c6 33.Rd1 Nc7 34.f6+ 
Ke8 35.f7+ 1-0

[Event "39th POL-ch (w)"]
[Site "Wroclaw POL"]
[Date "1987.??.??"]
[Round "12"]
[White "Brustman, Agnieszka"]
[Black "Swiecik, Iwona"]
[Result "0-1"]
[WhiteElo "2335"]
[BlackElo "2140"]
[EventDate "1987.03.20"]
[PlyCount "70"]

1.e4 c5 2.Nf3 Nc6 3.d4 cxd4 4.Nxd4 Nf6 5.Nc3 e5 6.Ndb5 d6 7.Bg5 a6 8.Na3 
b5 9.Bxf6 gxf6 10.Nd5 f5 11.c3 Bg7 12.exf5 Bxf5 13.Nc2 O-O 14.Nce3 Be6 15.
Bd3 f5 16.Qh5 e4 17.Bc2 Ne7 18.Nf4 Bf7 19.Bb3 d5 20.Qg5 Kh8 21.O-O Qd6 22.
Qh4 Bf6 23.Qh6 Ng8 24.Nxf5 Qe5 25.Qh3 Qxf4 26.Ne3 Ne7 27.Rad1 Rad8 28.g3 
Qg5 29.f4 exf3 30.Rxf3 Bg6 31.Qe6 Be4 32.Rf4 Ng6 33.Nxd5 Bxd5 34.Rxd5 Rxd5
35.Rg4 Qc1+ 0-1

[Event "39th POL-ch (w)"]
[Site "Wroclaw POL"]
[Date "1987.??.??"]
[Round "13"]
[White "Strzalka, Joanna"]
[Black "Kaczmarek, Ewa"]
[Result "1/2-1/2"]
[WhiteElo "2170"]
[BlackElo "2140"]
[EventDate "1987.03.20"]
[PlyCount "53"]

1.e4 c5 2.Nf3 e6 3.d4 cxd4 4.Nxd4 Nf6 5.Nc3 d6 6.Bc4 a6 7.Bb3 b5 8.O-O Be7
9.Qf3 Qc7 10.Qg3 Nc6 11.Nxc6 Qxc6 12.Re1 Bb7 13.Bg5 O-O 14.Rad1 Rfd8 15.
Rd3 b4 16.Nd5 exd5 17.exd5 Qc7 18.Rde3 Nh5 19.Rxe7 Qxe7 20.Bxe7 Nxg3 21.
Bxd8 Rxd8 22.Re7 Bc8 23.fxg3 Bd7 24.Bc4 Kf8 25.Re3 a5 26.a3 Rc8 27.Re4 
1/2-1/2

[Event "39th POL-ch (w)"]
[Site "Wroclaw POL"]
[Date "1987.??.??"]
[Round "13"]
[White "Rzeczycka, Bozena"]
[Black "Brustman, Agnieszka"]
[Result "0-1"]
[WhiteElo "2180"]
[BlackElo "2335"]
[EventDate "1987.03.20"]
[PlyCount "51"]

1.e4 e5 2.Nf3 Nc6 3.Bb5 Nd4 4.Nxd4 exd4 5.d3 Bc5 6.Nd2 c6 7.Bc4 d5 8.exd5 
cxd5 9.Bb3 Ne7 10.h3 O-O 11.O-O a5 12.a4 Ra6 13.Nf3 Qd6 14.c3 Nf5 15.c4 
Ba7 16.Qe2 Bb8 17.cxd5 Nh4 18.g3 Nxf3+ 19.Qxf3 Bxh3 20.Re1 Qb4 21.Qd1 Rg6 
22.Bd2 Qb6 23.Re4 Bxg3 24.fxg3 Rxg3+ 25.Kh2 Qg6 26.Rh4 0-1

[Event "39th POL-ch (w)"]
[Site "Wroclaw POL"]
[Date "1987.??.??"]
[Round "13"]
[White "Leszner, Liliana"]
[Black "Szmacinska, Grazyna"]
[Result "1-0"]
[WhiteElo "2190"]
[BlackElo "2315"]
[EventDate "1987.03.20"]
[PlyCount "97"]

1.e4 Nc6 2.Nf3 d6 3.d4 Bg4 4.Be2 e6 5.O-O Nf6 6.Nc3 Be7 7.h3 Bh5 8.Re1 O-O
9.Bf4 Bxf3 10.Bxf3 e5 11.dxe5 dxe5 12.Be3 Bb4 13.g3 Nd4 14.Bg2 c5 15.Rf1 
Bxc3 16.bxc3 Ne6 17.Qxd8 Rfxd8 18.f4 b6 19.a4 Ne8 20.a5 Nd6 21.f5 Nc7 22.
Rfb1 Nc4 23.axb6 axb6 24.Bg5 f6 25.Rxa8 Rxa8 26.Bc1 Ne8 27.Bf1 Ned6 28.g4 
h6 29.h4 Ra2 30.Bd3 b5 31.g5 hxg5 32.hxg5 fxg5 33.Bxg5 Na3 34.Rd1 c4 35.
Be2 Nxe4 36.Rd8+ Kh7 37.Bh5 Nxg5 38.Bg6+ Kh6 39.Rh8+ Nh7 40.Rxh7+ Kg5 41.
Rxg7 Rxc2 42.Bh7+ Kh6 43.f6 Rc1+ 44.Kf2 Rd1 45.Be4 Rd8 46.Kg3 Kh5 47.Bf3+ 
Kh6 48.Kh4 b4 49.Be4 1-0

[Event "39th POL-ch (w)"]
[Site "Wroclaw POL"]
[Date "1987.??.??"]
[Round "13"]
[White "Jalowiec, Halina"]
[Black "Zboron, Hanna"]
[Result "1-0"]
[WhiteElo "2175"]
[BlackElo "2070"]
[EventDate "1987.03.20"]
[PlyCount "73"]

1.e4 c5 2.Nf3 d6 3.c3 Nf6 4.h3 Nc6 5.Bd3 e5 6.Bc2 g6 7.O-O Bg7 8.d4 O-O 9.
d5 Ne7 10.Bg5 Bd7 11.Qd2 b5 12.Nh2 Ne8 13.Ng4 f5 14.Nh6+ Kh8 15.f4 exf4 
16.exf5 Bxf5 17.Nxf5 gxf5 18.Na3 Nf6 19.Qxf4 Nfxd5 20.Qf3 Qd7 21.Rad1 Nf6 
22.Qd3 b4 23.Nc4 d5 24.Ne3 bxc3 25.bxc3 Rad8 26.Nxf5 Nxf5 27.Rxf5 c4 28.
Qf3 Qe6 29.Rf1 Rd6 30.Bf4 Ra6 31.Be5 Rxa2 32.Bb1 Rb2 33.Bd4 Rg8 34.Qf4 Qe2
35.Qg5 Qe7 36.Rxf6 Bxf6 37.Bxf6+ 1-0

[Event "39th POL-ch (w)"]
[Site "Wroclaw POL"]
[Date "1987.??.??"]
[Round "13"]
[White "Swiecik, Iwona"]
[Black "Jagodzinska, Joanna"]
[Result "1-0"]
[WhiteElo "2140"]
[BlackElo "2200"]
[EventDate "1987.03.20"]
[PlyCount "65"]

1.e4 c5 2.Nf3 d6 3.d4 cxd4 4.Nxd4 Nf6 5.Nc3 g6 6.Be3 Bg7 7.f3 Nc6 8.Bc4 
Bd7 9.Bb3 Rc8 10.h4 h5 11.Qe2 Na5 12.O-O-O a6 13.Kb1 e5 14.Bg5 O-O 15.Nf5 
gxf5 16.Rxd6 Rxc3 17.bxc3 Qe7 18.Rhd1 Be6 19.exf5 Bxf5 20.g4 hxg4 21.fxg4 
Bxg4 22.Qg2 Be6 23.Rd7 Bxd7 24.Rxd7 Nxd7 25.Bxe7 Re8 26.Bg5 Kf8 27.h5 Nxb3
28.axb3 e4 29.h6 Bxc3 30.Qh3 Bh8 31.Qxd7 e3 32.h7 e2 33.Bh6+ 1-0

[Event "39th POL-ch (w)"]
[Site "Wroclaw POL"]
[Date "1987.??.??"]
[Round "14"]
[White "Zboron, Hanna"]
[Black "Sosnowska, Elzbieta"]
[Result "1/2-1/2"]
[WhiteElo "2070"]
[BlackElo "2065"]
[EventDate "1987.03.20"]
[PlyCount "59"]

1.d4 Nf6 2.c4 e6 3.Nf3 b6 4.a3 Bb7 5.Nc3 g6 6.d5 Bg7 7.g3 O-O 8.Bg2 Na6 9.
O-O Nc5 10.Rb1 a5 11.b4 axb4 12.axb4 Nce4 13.Nxe4 Nxe4 14.Bb2 Bxb2 15.Rxb2
exd5 16.cxd5 Nc3 17.Qd2 Nxd5 18.Ne5 c6 19.Bxd5 cxd5 20.Rd1 Re8 21.Qd4 h5 
22.f3 Qe7 23.Nd3 Qe3+ 24.Qxe3 Rxe3 25.Nf4 Re5 26.Kf2 Rae8 27.Rd4 Kg7 28.
Rbd2 Bc6 29.Nxd5 Rb8 30.e4 1/2-1/2

[Event "39th POL-ch (w)"]
[Site "Wroclaw POL"]
[Date "1987.??.??"]
[Round "14"]
[White "Szmacinska, Grazyna"]
[Black "Strzalka, Joanna"]
[Result "1-0"]
[WhiteElo "2315"]
[BlackElo "2170"]
[EventDate "1987.03.20"]
[PlyCount "83"]

1.d4 Nf6 2.c4 g6 3.Nc3 Bg7 4.e4 d6 5.Be2 O-O 6.Bg5 Nbd7 7.Qd2 c5 8.d5 a6 
9.f3 Rb8 10.Nh3 Qa5 11.a4 Ne5 12.Nf2 Qb4 13.Ncd1 Qxd2+ 14.Kxd2 h6 15.Be3 
Bd7 16.Nc3 Rfc8 17.g4 g5 18.h4 gxh4 19.Rxh4 b5 20.Bxh6 bxc4 21.Kc2 Rb4 22.
Bxg7 Kxg7 23.Rh2 Rcb8 24.Ra2 e6 25.Kc1 exd5 26.exd5 Ng6 27.g5 Ne8 28.Nfe4 
Nf4 29.Rh6 R8b6 30.a5 Rb8 31.Nxd6 Nxd6 32.Rxd6 Bf5 33.Rf6 Nxe2+ 34.Nxe2 
Re8 35.Nc3 Bd3 36.Rxa6 Rb3 37.Rc6 Rxc3+ 38.bxc3 Re1+ 39.Kb2 Rb1+ 40.Ka3 
Rb3+ 41.Ka4 Bf5 42.a6 1-0

[Event "39th POL-ch (w)"]
[Site "Wroclaw POL"]
[Date "1987.??.??"]
[Round "14"]
[White "Sikora-Gizynska, Bozena"]
[Black "Leszner, Liliana"]
[Result "0-1"]
[WhiteElo "2155"]
[BlackElo "2190"]
[EventDate "1987.03.20"]
[PlyCount "86"]

1.e4 d6 2.d4 Nf6 3.Nc3 g6 4.Nf3 Bg7 5.Be2 O-O 6.O-O a6 7.a4 b6 8.Re1 Bb7 
9.Bf1 e6 10.Rb1 Nbd7 11.h3 c5 12.d5 e5 13.Nd2 Ne8 14.Nc4 f5 15.exf5 gxf5 
16.Qh5 Bc8 17.Bh6 Ndf6 18.Qg5 Ra7 19.f4 e4 20.b4 Kh8 21.bxc5 bxc5 22.Rb6 
Rg8 23.a5 Bxh6 24.Qxh6 Nd7 25.Rb3 Rg6 26.Qh5 Ng7 27.Qe2 Qh4 28.Qf2 Qh6 29.
Ne2 Nh5 30.Nb6 Rg8 31.Nxd7 Bxd7 32.c4 Ba4 33.Rb2 Rag7 34.Rb6 Bc2 35.Qxc5 
Nxf4 36.Nxf4 Qxf4 37.Qf2 Qxf2+ 38.Kxf2 Bd3 39.Bxd3 Rxg2+ 40.Kf1 exd3 41.
Rbb1 d2 42.Red1 Rh2 43.Ra1 f4 0-1

[Event "39th POL-ch (w)"]
[Site "Wroclaw POL"]
[Date "1987.??.??"]
[Round "14"]
[White "Jagodzinska, Joanna"]
[Black "Kaczmarek, Ewa"]
[Result "1-0"]
[WhiteElo "2200"]
[BlackElo "2140"]
[EventDate "1987.03.20"]
[PlyCount "65"]

1.e4 c5 2.Nf3 e6 3.d4 cxd4 4.Nxd4 Nf6 5.Nc3 d6 6.Be3 a6 7.g4 h6 8.Rg1 Nc6 
9.h4 Be7 10.g5 hxg5 11.hxg5 Nd7 12.g6 Nf6 13.gxf7+ Kxf7 14.f4 Qa5 15.Nf3 
Nxe4 16.Qd3 d5 17.O-O-O Nb4 18.Qd4 Nf6 19.Ne5+ Ke8 20.Rxg7 Rg8 21.Rxe7+ 
Kxe7 22.Qc5+ Qxc5 23.Bxc5+ Kd8 24.Bxb4 Kc7 25.a4 Nd7 26.Nxd7 Bxd7 27.f5 a5
28.Ba3 Rad8 29.Be7 Rde8 30.f6 Rh8 31.Bd3 d4 32.Nb5+ Bxb5 33.Bxb5 1-0

[Event "39th POL-ch (w)"]
[Site "Wroclaw POL"]
[Date "1987.??.??"]
[Round "14"]
[White "Brustman, Agnieszka"]
[Black "Jalowiec, Halina"]
[Result "1/2-1/2"]
[WhiteElo "2335"]
[BlackElo "2175"]
[EventDate "1987.03.20"]
[PlyCount "31"]

1.e4 e5 2.Nf3 Nf6 3.Nxe5 d6 4.Nf3 Nxe4 5.Qe2 Qe7 6.d3 Nf6 7.Bg5 Qxe2+ 8.
Bxe2 Be7 9.O-O O-O 10.Nbd2 Re8 11.Rfe1 Nc6 12.h3 Bd7 13.Bf1 Nd5 14.Bxe7 
Rxe7 15.Rxe7 Ndxe7 16.c3 1/2-1/2

[Event "39th POL-ch (w)"]
[Site "Wroclaw POL"]
[Date "1987.??.??"]
[Round "14"]
[White "Swiecik, Iwona"]
[Black "Rzeczycka, Bozena"]
[Result "1/2-1/2"]
[WhiteElo "2140"]
[BlackElo "2180"]
[EventDate "1987.03.20"]
[PlyCount "63"]

1.e4 e5 2.Nf3 Nc6 3.Bb5 a6 4.Ba4 Nf6 5.O-O Be7 6.Re1 b5 7.Bb3 O-O 8.a4 Bb7
9.d3 d6 10.Bd2 Nd4 11.Nxd4 exd4 12.axb5 axb5 13.Rxa8 Bxa8 14.c3 dxc3 15.
Nxc3 Qd7 16.Ne2 c5 17.Ng3 Rc8 18.Qe2 Bf8 19.Bc3 Qd8 20.Qf3 c4 21.Nf5 g6 
22.Nh6+ Bxh6 23.Bxf6 Qa5 24.Bc3 Qd8 25.dxc4 bxc4 26.Bc2 Bg7 27.Rd1 Bxc3 
28.Qxc3 Qe7 29.Rd4 Qc7 30.h3 Qc5 31.Bd1 d5 32.Bf3 1/2-1/2

[Event "39th POL-ch (w)"]
[Site "Wroclaw POL"]
[Date "1987.??.??"]
[Round "15"]
[White "Strzalka, Joanna"]
[Black "Sikora-Gizynska, Bozena"]
[Result "0-1"]
[WhiteElo "2170"]
[BlackElo "2155"]
[EventDate "1987.03.20"]
[PlyCount "52"]

1.e4 c5 2.Nf3 e6 3.d4 cxd4 4.Nxd4 Nc6 5.Nxc6 bxc6 6.Bd3 Nf6 7.O-O e5 8.c4 
Be7 9.b3 O-O 10.Bb2 Qc7 11.Nc3 d6 12.f4 exf4 13.Qf3 Ng4 14.Qxf4 Bf6 15.h3 
Be5 16.Qd2 Nf6 17.Qg5 Qe7 18.Rad1 h6 19.Qh4 Bd4+ 20.Kh1 Qe5 21.Rc1 Bd7 22.
Rc2 Rae8 23.Nd1 Nxe4 24.Bxd4 Qxd4 25.Nb2 f5 26.c5 g5 0-1

[Event "39th POL-ch (w)"]
[Site "Wroclaw POL"]
[Date "1987.??.??"]
[Round "15"]
[White "Sosnowska, Elzbieta"]
[Black "Brustman, Agnieszka"]
[Result "0-1"]
[WhiteElo "2065"]
[BlackElo "2335"]
[EventDate "1987.03.20"]
[PlyCount "52"]

1.e4 c5 2.Nf3 d6 3.d4 cxd4 4.Nxd4 Nf6 5.Nc3 a6 6.f4 e5 7.Nf3 Nbd7 8.a4 Be7
9.Bd3 O-O 10.O-O Qc7 11.Qe2 exf4 12.Bxf4 Ne5 13.Kh1 Be6 14.Nd4 Rac8 15.Bg5
Qb6 16.Nd5 Nxd5 17.Nxe6 fxe6 18.exd5 Bxg5 19.Qe4 Nxd3 20.Qxe6+ Kh8 21.cxd3
Bf6 22.Rae1 h6 23.Re4 Be5 24.Rfe1 Qxb2 25.d4 Rc1 26.dxe5 Rf1+ 0-1

[Event "39th POL-ch (w)"]
[Site "Wroclaw POL"]
[Date "1987.??.??"]
[Round "15"]
[White "Rzeczycka, Bozena"]
[Black "Jagodzinska, Joanna"]
[Result "0-1"]
[WhiteElo "2180"]
[BlackElo "2200"]
[EventDate "1987.03.20"]
[PlyCount "46"]

1.e4 c5 2.Nf3 d6 3.d4 cxd4 4.Nxd4 Nf6 5.Nc3 Nc6 6.g3 g6 7.Nde2 Bg7 8.Bg2 
O-O 9.O-O Be6 10.h3 Rc8 11.Nd5 Bxd5 12.exd5 Ne5 13.Be3 Qc7 14.f4 Nc4 15.
Bd4 b5 16.b3 Nb6 17.c3 Qb7 18.Qd2 Nfxd5 19.Bxg7 Kxg7 20.Qd4+ Kg8 21.Rfc1 
e5 22.fxe5 dxe5 23.Qxe5 Rfe8 0-1

[Event "39th POL-ch (w)"]
[Site "Wroclaw POL"]
[Date "1987.??.??"]
[Round "15"]
[White "Kaczmarek, Ewa"]
[Black "Szmacinska, Grazyna"]
[Result "1/2-1/2"]
[WhiteElo "2140"]
[BlackElo "2315"]
[EventDate "1987.03.20"]
[PlyCount "118"]

1.e4 e6 2.d4 d5 3.Nd2 c5 4.exd5 exd5 5.Ngf3 Nc6 6.Be2 Bd6 7.dxc5 Bxc5 8.
Nb3 Bd6 9.c3 Nge7 10.O-O O-O 11.Bg5 Re8 12.Bh4 Bg4 13.Re1 Qd7 14.Bg3 Bxg3 
15.hxg3 Rad8 16.Nfd4 Bxe2 17.Rxe2 Ng6 18.Nf3 Nce5 19.Nxe5 Nxe5 20.Qc2 h6 
21.Rae1 Nc4 22.Nd4 Nd6 23.Qb3 Rxe2 24.Rxe2 Nc4 25.Kh2 a6 26.Qb4 b5 27.Re7 
Qg4 28.Nf3 Qh5+ 29.Kg1 Qg6 30.b3 Nd6 31.Qf4 Qd3 32.Rc7 Qb1+ 33.Kh2 Qe4 34.
Nd4 Qxf4 35.gxf4 Rc8 36.Rxc8+ Nxc8 37.Nc6 Nb6 38.Kg3 Kf8 39.Kf3 Na8 40.Ke3
Nc7 41.Kd4 Ne6+ 42.Ke5 h5 43.f5 Nc5 44.Kd4 Ne4 45.f3 Ng3 46.Kxd5 Nxf5 47.
Ke4 Ng3+ 48.Kd3 Nf5 49.Nd4 Nd6 50.c4 bxc4+ 51.bxc4 Ke7 52.c5 Ne8 53.Nc6+ 
Ke6 54.Kc4 h4 55.Nb4 Nc7 56.a4 g5 57.Nd3 f5 58.Kd4 Nd5 59.a5 g4 1/2-1/2

[Event "39th POL-ch (w)"]
[Site "Wroclaw POL"]
[Date "1987.??.??"]
[Round "15"]
[White "Leszner, Liliana"]
[Black "Kaczorowska, Barbara"]
[Result "1-0"]
[WhiteElo "2190"]
[BlackElo "2170"]
[EventDate "1987.03.20"]
[PlyCount "79"]

1.e4 c6 2.d4 d5 3.Nd2 dxe4 4.Nxe4 Bf5 5.Ng3 Bg6 6.N1e2 e6 7.Nf4 Ne7 8.c4 
Nf5 9.Nxf5 Bxf5 10.a3 h6 11.Be2 Be7 12.O-O O-O 13.Be3 Nd7 14.Qb3 Qb6 15.
Qc3 Qc7 16.Rac1 Nf6 17.h3 Rfd8 18.Rfd1 Ne4 19.Qb3 b6 20.Nd3 Rac8 21.Bf3 
Ng5 22.Bg4 Bxg4 23.hxg4 Ne4 24.Re1 Bg5 25.Ne5 c5 26.Bxg5 Nxg5 27.dxc5 Qxc5
28.Qc3 Rd4 29.b4 Qd6 30.c5 bxc5 31.bxc5 Qd5 32.Qa5 Ne4 33.Nf3 Rc4 34.Rxc4 
Qxc4 35.Qxa7 Qc2 36.c6 Rxc6 37.Ne5 Ra6 38.Qxf7+ Kh7 39.Qg6+ Kg8 40.Qxe4 
1-0

[Event "39th POL-ch (w)"]
[Site "Wroclaw POL"]
[Date "1987.??.??"]
[Round "15"]
[White "Laszewska, Izabela"]
[Black "Zboron, Hanna"]
[Result "1/2-1/2"]
[WhiteElo "2150"]
[BlackElo "2070"]
[EventDate "1987.03.20"]
[PlyCount "49"]

1.e4 c5 2.Nf3 d6 3.d4 cxd4 4.Nxd4 Nf6 5.Nc3 Nc6 6.Bc4 e6 7.Bb3 Be7 8.O-O 
O-O 9.f4 Nxd4 10.Qxd4 b6 11.Kh1 Bb7 12.Qd3 Qc8 13.Re1 Rd8 14.f5 Ng4 15.Qf3
exf5 16.Qxf5 Bf6 17.Nd5 Qxf5 18.exf5 Bxd5 19.Bxd5 Rac8 20.h3 Ne5 21.Bb3 
Nc4 22.c3 d5 23.Bxc4 dxc4 24.Bf4 h6 25.Rad1 1/2-1/2

[Event "39th POL-ch (w)"]
[Site "Wroclaw POL"]
[Date "1987.??.??"]
[Round "15"]
[White "Jalowiec, Halina"]
[Black "Swiecik, Iwona"]
[Result "1/2-1/2"]
[WhiteElo "2175"]
[BlackElo "2140"]
[EventDate "1987.03.20"]
[PlyCount "24"]

1.e4 c5 2.Nf3 e6 3.d4 cxd4 4.Nxd4 Nc6 5.Nc3 Nf6 6.Ndb5 d6 7.Bf4 e5 8.Bg5 
a6 9.Na3 b5 10.Nd5 Qa5+ 11.Bd2 Qd8 12.Bg5 Qa5+ 1/2-1/2